La province de Bretagne de A à Z - Statistiques

Statistiques générales
  • Ce quiz a été pris 40 fois
  • Le résultat moyen est 7 sur 26
Statistiques - réponses
Lettre Question Réponse % Correct
A Nom de la Bretagne et des régions proches à l'arrivée des Romains Armorique
78%
B Peuple qui arrive de l'Angleterre actuelle à la fin de l'antiquité Bretons
73%
F Le dernier duc de Bretagne à être couronné est le fils de François 1er, petit-fils d'Anne de Bretagne prénommé François
59%
Q Evêché fondé par St Corentin Quimper
59%
H Beaucoup de nobles bretons participent à cette bataille aux côtés de Guillaume de Normandie Hastings
57%
C Les premiers habitants de Bretagne, pendant la préhistoire s'installent sur les côtes
51%
U On en fonde une à Nantes en 1460 Université
49%
T On trouve plusieurs exemples de ce type de site funéraire archaïque en Bretagne Tumulus
46%
K Navigateur breton né en 1944 (prénom et nom) Olivier de Kersauson
35%
W On trouve des monnaies frappées en Bretagne dans cette région anglaise Wessex
30%
V Les traces les plus anciennes d'occupation humaine ont été trouvée dans la vallée de la Vilaine
27%
P Cour de Justice créée en 1554 Parlement
24%
L Les plus hauts menhirs de Bretagne se trouvent dans la région du Léon
19%
N Peuple vivant avant la conquête romaine dans la région de Nantes Namnètes
16%
O Peuple vivant avant la conquête romaine dans la pointe bretonne Osismes
11%
R Peuple vivant avant la conquête romaine dans la région de Rennes Redones
11%
S Après cette victoire, la Bretagne passe officiellement sous le contrôle de Clovis, roi des Francs Soissons
11%
J Il aurait régné au début du VIIe siècle sur la Bretagne Judicaël
8%
I Rivière du Morbihan et du Finistère Isole
5%
M Les 1ères traces d'utilisation du feu (vers - 400000) en Bretagne se voient à Menez Dregan
3%
X Peintre breton né en 1906 ayant appartenu au mouvement Seiz Breur (prénom et nom) Xavier de Langlais
3%
D Nom romain de Vannes Darioritum
0%
E Anatomiste et médecin ayant donné son nom à des colonnes (parties des reins) (prénom et nom) Exupère Bertin
0%
G Prétendant au trône de France, il porte le titre de courtoisie de duc de Bretane à partir de 1950 Gonzalve de Bourbon
0%
Y Secrétaire d'Etat aux affaires sociales et élu de Bretange d'origine togolaise (prénom et nom) Kofi Yamgnane
0%
Z Préhistorien né à Carnac en 1864 (prénom et nom) Zacharie Le Rouzic
0%
Aucun quiz correspondant
Distribution des résultats
% des personnes avec chaque résultat
Percentile par nombre de réponses
Votre historique - résultats
Vous n’avez pas pris ce quiz